How to manage for international competitiveness.
| Other Authors: | |
|---|---|
| Format: | Book |
| Published: |
Binghamton:
International Business Press,
1992.
|
| Subjects: |
| LEADER | 00547cam a2200181 7i4500 | ||
|---|---|---|---|
| 001 | 0000006539 | ||
| 005 | 19991025090000.0 | ||
| 002 | ##000008232 | ||
| 020 | 0 | 0 | |a 1-56024-202-7 |
| 090 | 0 | 0 | |a B 658.1 |b HOW |
| 245 | 0 | 0 | |a How to manage for international competitiveness. |
| 260 | 0 | 0 | |a Binghamton: |b International Business Press, |c 1992. |
| 300 | 0 | 0 | |a 287 p.. |
| 650 | 0 | 0 | |a Industrial management |
| 650 | 0 | 0 | |a Competition, International |
| 650 | 0 | 0 | |a Comparative management |
| 700 | 0 | 0 | |a Ali, |h Abbas |
| 999 | |a 0000009546 |b Book |c Open shelf |e Business Information Centre | ||


